| 000 | 03438cam a22003138i 4500 | ||
|---|---|---|---|
| 001 | 17478789 | ||
| 005 | 20170105102349.0 | ||
| 008 | 120928s2012 enk b 001 0 eng | ||
| 010 | _a 2012037574 | ||
| 020 | _a9781107015494 (hardback) | ||
| 040 |
_aDLC _beng _cDLC _erda |
||
| 042 | _apcc | ||
| 050 | 0 | 0 |
_aTK5103.4815 _b.M374 2012 |
| 082 | 0 | 0 | _a621.384 |
| 100 | 1 |
_aMarshall, Preston, _eauthor. |
|
| 245 | 1 | 0 |
_aScalability, density, and decision making in cognitive wireless networks _cPreston Marshall |
| 260 |
_aNew York _bCambridge ; _c2013 |
||
| 300 |
_axiii, 343p. : _c26 cm |
||
| 504 | _aIncludes bibliographical references and index. | ||
| 505 | 8 | _aMachine generated contents note: Preface; Part I. Overview: 1. Introduction; 2. Theoretical foundations; 3. Future wireless operation, environments and dynamic spectrum access; 4. Fundamental challenges in cognitive radio and wireless systems; Part II. Generalized Environmental Characterization: 5. The spectrum and channel environment; 6. Propagation modeling, characterization and control; 7. The connectivity environment; 8. The information and content environment; Part III. System Performance of Cognitive Wireless Systems: 9. Network scaling; 10. Network physical density limitations; 11. Network sensing and exchange information effectiveness; 12. Content access information effectiveness; 13. Minimizing nonlinear circuit effects; Part IV. Integrated Analysis and Decision-Making: 14. Awareness structure for cognitive wireless systems; 15. Instantiating and updating beliefs across wireless networks; 16. Decision-making structure for cognitive wireless systems; Part V. Summary: 17. Further research needs in cognitive wireless networks; Appendix A. Terms and acronyms; Appendix B. Symbols; Appendix C. Mathematica and MATLAB routines. | |
| 520 | _a"This cohesive treatment of cognitive radio and networking technology integrates information and decision theory to provide insight into relationships throughout all layers of networks and across all wireless applications. It encompasses conventional considerations of spectrum and waveform selection, and covers topology determination, routing policies, content positioning, and future hybrid architectures that fully integrate wireless and wired services. Features specific examples of decision-making structures and criteria required to extend network density and scaling to unprecedented levels. - Integrates sensing, control plane and content operations into a single cohesive structure - Provides simpler and more powerful models of network operation - Presents a unique approach to decision-making and mechanisms to adjust control plane activity to ensure network scaling. - Generalises the concepts of shared and adaptive spectrum policies - Addresses network transport operations and dynamic management of cognitive wireless networks' own information seeking behaviour"-- | ||
| 650 | 0 | _aCognitive radio networks. | |
| 650 | 0 |
_aComputer networks _xScalability. |
|
| 650 | 7 |
_aTECHNOLOGY & ENGINEERING / Mobile & Wireless Communications _2bisacsh. |
|
| 856 | 4 | 2 |
_3Cover image _uhttp://assets.cambridge.org/97811070/15494/cover/9781107015494.jpg |
| 906 |
_a0 _bvip _corignew _d1 _eecip _f20 _gy-gencatlg |
||
| 942 |
_2ddc _cBK |
||
| 999 |
_c11822 _d11822 |
||